Quizzes
Events
Quiz Creation
Community
Videos
Private Events
Remove Ads
Sign In
Join for FREE
Feedback
Dark Mode
Quiz Categories
Sports
Geography
Music
Movies
Television
Just For Fun
Miscellaneous
History
Literature
Language
Science
Gaming
Entertainment
Religion
Holiday
For Kids
Quiz Lab
Recent
Popular Today
Quiz Kudos Today
Editor Picks
Curator Picks
Quizzes by...
Day
Popularity
Type
Ratings
Length
Year
Community
Subscriptions
Recent Discussions
Orange Saloon
Badges
Playlists
Quests
Create
Leaderboards
Showdown
Live 5
Trivia Bingo
Activity
Puzzle Library
Sporcle Events
Private Events
Virtual Trivia
Globe League
Become a Host
Pub Owners
SporcleCon
Opinionation
Our Games
Videos
Blog
Mobile Apps
Partnerships
Remove Ads and Go Orange
Feedback
Literature
Harry Potter
A Song of Ice and Fire
The Hunger Games
Literary Character
Shakespeare
Book
Author
Novel
Poem
Young Adult
Children's Books
Play
Lord of the Rings
Literature
Harry Potter
A Song of Ice and Fire
The Hunger Games
Literary Character
Shakespeare
Book
Author
Novel
Poem
Young Adult
Children's Books
Play
Lord of the Rings
Random Quiz
Search Sporcle
×
Editor Pick
Editor Pick
Literature
A Song of Ice and Fire
Select answers by clicking on text or image buttons
Select answers by clicking on text or image buttons
Clickable
Best Score? Go Orange.
ASOIAF: Match the siblings Stats
Can you pick the groups of sibling characters from A Song of Ice and Fire?
By
ckrubin
8m
20 Questions
13K Plays
12,996 Plays
12,996 Plays
Comments
Comments
Give Quiz Kudos
Give Quiz Kudos
-
- Ratings
hide this ad
Replay
Link that replays current quiz
Next Quiz
Link to next quiz in quiz playlist
You Got
0%
They Got
Avg Score
77%
Avg Friend Score
Upgrade to see
Score Distribution
Jump to the score distribution portion of the page
Score
0/20
Timer
08:00
1
Play Today
% Correct
Cersei
98.3%
Robb
97.5%
Joffrey
96.9%
Robert
96.1%
Eddard
95.3%
Catelyn
94.9%
Rhaegar
93.9%
Garlan
84.4%
Doran
83.9%
Euron
82.6%
% Correct
Osmund
80%
Tywin
79.4%
Arianne
75.3%
Obara
69.5%
Maron
68.9%
Visenya
67%
Samwell
56.4%
Aerion
53.2%
Allard
37.5%
Stevron
33.7%
Quiz Playlist
Details
Report
Send in Message
Add To Playlist
Clickable:
Select answers by clicking on text or image buttons
Quiz Source
Last Updated: Sep 8, 2017
Editor Pick in
Literature
Curator Pick in
A Song of Ice and Fire
Quiz Scoreboard
CHALLENGE
Sign Up to Join the Scoreboard
Show All
Scores
Hide
Comments
May contain spoilers
Recently Published
9x9 Crossword: Cartoon Network
by jackfrog10
Miscellaneous
3m
College Basketball Coaching Resumes
by pancakes188
Sports
9m
Billboard Blitz: Fleetwood Mac
by CooCooCachoo
Music
15s
More to Explore
Quiz From the Vault
Featured Blog Post
Where Did the Easter Bunny Come From?
hide this ad
You Might Also Like...
Tags
A Song of Ice and Fire Quiz
asoiaf
Game of Thrones
George RR Martin
Matchable
Today's Top Quizzes in Literature
Browse Literature
hide this ad
Today's Top Quizzes in A Song of Ice and Fire
Browse A Song of Ice and Fire
Top Contributed Quizzes in Literature
1
Sneaky Slytherin Logic Puzzle
2
Get The Picture: Black or White Literature
3
5-to-1: Plays
4
A Court of Thorns and Roses (ACoTaR) Logic Puzzle
5
One Thing in Common: Literature
6
One Thing in Common: Literature II
7
One Thing in Common: Literature 3
8
One Thing in Common: Books
9
Literary Siblings Odd One Out III
10
Harry Potter Neighbourly Logic Puzzle #1
Explore More
Trending Topics
Anime
Kpop
Harry Potter
Marvel
Disney
NBA
Crossword
Country
WWE
Song
Pokémon
Puzzle
The Office
NFL
Soccer
hide this ad
More By:
ckrubin
Quiz
Plays
Rating
Category
Featured
Created
Classical Composers
261,025
4.69
Music
Oct 12, 2009
Opening Day Lineups: Guardians
98,212
4.38
Sports
Sep 25, 2009
Most Performed Operas
52,306
4.37
Music
Sep 30, 2009
ASOIAF: Match the siblings
12,996
4.60
Literature
Jun 18, 2013
ASOIAF: A Game of Thrones chapters by first sentence
12,735
4.88
Literature
Mar 31, 2013
Go to Creator's Profile
Score Distribution
Quiz Creator Spotlight
ckrubin
Follow
Send a Message
Quizzes Created
-
Created Quiz Play Count
-
More By This Creator
Popular Quizzes Today
1
Find the US States - No Outlines Minefield
2
Find the Countries of Europe - No Outlines Minefield
3
The Countries of the World
4
Find the US States
5
Risky Map Clicking: Biggest States A-Z
6
US States
7
Popular People in 1961
8
Movies - When Are They Set?
More Literature Quizzes
Harry Potter: Backwards Venn X
Quiz Lab
Trending Quizzes
Risky Map Clicking: Least Populous States A-Z
1-10 Letter G Words
Risky Map Clicking: Next State Alphabetically
Adjectives in 80s TV Shows
Risky Map Clicking: Biggest States A-Z
Recently Updated
Leaping Animals
pecheneg
Reality TV Shows (A-Z)
bhenderson79
Rickey Henderson's Hall of Fame Teammates
pecheneg
Champions League XIs: Arsenal
pecheneg
Quick Pick: Celebrities in WWE's Hall of Fame
aduchscher
A-Z Keypad Blitz II
pecheneg
Multiple Oscar Actors
pecheneg
Mystery Phrase Blitz: Oscar 'Best Actors'
pecheneg
F. Scott Fitzgerald Novels
LTH
Pick 3 Villains
ddd62291
Trending Topics
Harry Potter
Kpop
Anime
Disney
Marvel
Crossword
NBA
Puzzle
Country
NFL
WWE
Song
Pokémon
Soccer
The Office
Your Account Isn't Verified!
In order to create a playlist on Sporcle, you need to verify the email address you used during registration. Go to your
Sporcle Settings
to finish the process.
Report this User
Report this user for behavior that violates our
Community Guidelines
.
Details:
Send Report
Go to the Sporcle.com Mobile Site →
Comments